000 00350nam a2200133Ia 4500
008 151001s9999||||xx |||||||||||||| ||und||
100 _aशर्मा फाटक
245 _aजीव विकास कि कहानी
250 _a1
260 _bअपराजिता
260 _c2004
300 _a48
365 _b24
999 _c984862
_d984859